| 000 | 00671nam a2200217 a 4500 | ||
|---|---|---|---|
| 005 | 20240919064324.0 | ||
| 008 | 991125s1974 bar 000 0 spa u | ||
| 020 | _a847222632 | ||
| 035 | _aUPN01000006872 | ||
| 049 | _aCG | ||
| 050 | 4 |
_aHB501 _bM3.28 |
|
| 100 | 1 |
_aMarx, Karl, _d1818-1883 |
|
| 245 | 1 | 0 |
_aCartas sobre el capital / _cK. Marx, F. Engels ; selec. de cartas y notaciones de Gilbert Badía ; tr. Florentino Pérez. |
| 260 |
_aBarcelona, Esp. : _bLaia, _c1974. |
||
| 300 | _a362 p. | ||
| 440 | 0 |
_aEdiciones de bolsillo ; _v347 |
|
| 650 | 4 |
_aCapital _96307 |
|
| 650 | 4 |
_aEconomía _911541 |
|
| 700 | 1 |
_aEngels, Friedrich, _d1820-1895 _ecoaut. |
|
| 905 | _aLibro | ||
| 999 |
_c6872 _d6872 |
||